Sports Quiz

Random Sports or Lyrics Quiz
Score 0/30 Timer 07:00
0 Plays Today
Theme Lyric Wrestler % Correct
......Is cookingThe Rock
98.6%
*Glass Shatters*Stone Cold Steve Austin
97.1%
I make 'em hot, I make 'em shiver, their knees get weak whenever I'm aroundShawn Michaels
87.6%
On this day, I see clearly, everything has come to lifeEdge
74.5%
When it comes crashing down and it hurts insideHulk Hogan
74.3%
Hey, nothing you can say! Nothing's gonna change what you've done to me!Randy Orton
74%
For those about to rock and what you want baby you know you're Judas, and I'm your priestChris Jericho
70.1%
We're not looking back, we've had enough, you don't know what trouble isTriple H
67.6%
In case you forgot or fell off I'm still hot, knock your shell offJohn Cena
62.6%
Ain't no stopping me, I'm unstoppable Shelton Benjamin
58.8%
Yeah, you know it's the mackmilitant, out coming to get it onTeddy Long
51.6%
I'm sick of all these people talking out their heads, I've never understood a damn thing that they said Batista
51.4%
Decieved by my eyes, in all I was told I should beChristian
51.2%
Get ready for something, that you've never known, you won't see it coming, but I promise you'll knowBig Show
50.6%
Whatchu gonna do when we come for you?Rey Mysterio
50.1%
Theme Lyric Wrestler % Correct
Like tropicana I got the juice, offer the lease and let the dog looseMVP
49.3%
I'm back, and I'm better than ever Eric Bischoff
49.1%
You're not enough for meMichelle McRibs
48.2%
Here she comes again like good medicineMaria Kanellis
47.1%
It's a new day, it's a new generation and we're never looking back, no we're never looking back Legacy
43%
I got a sharp stick, I keep in my pocket I speak volumes never utter a wordJeff Hardy
38.3%
I turn up the trouble till it gets real loud, I feel so much better that wayMr. Kennedy
34.1%
I don't care if you don't like me, fight meEddie Guerrero
32.7%
I tried to be a nice guy. You turned your backs on me! I was a victim, I snapped!Owen Hart
31.4%
Ain't I a sight to see? The whole damn world wants to look like meRob Conway
31%
I like to drive with the top down, rolling like thunder always drawing a crowdZack Ryder
29.2%
So rise to the occasion, do something amazing, cause anything that I do, I dominate it Ezekiel Jackson
25.3%
Make some noise!X-Pac
19.9%
I do what I want to, act how I want to, say what I want to, mack how I want toOrlando Jordan
14.4%
Doesn't like people, who act real snobby, says politicians, are way too talky, says some wrestlers, are way too cockyKung Fu Naki
6.9%

You're not logged in!

Compare scores with friends on all Sporcle quizzes.
OR
Log In

Sporcle TV

Today on Sporcle TV


Watch our educational content, quiz creation guides, and fun videos on Sporcle TV.

Show Comments

Extras

Top Quizzes Today


Score Distribution

Paid Content

Your Account Isn't Verified!

In order to create a playlist on Sporcle, you need to verify the email address you used during registration. Go to your Sporcle Settings to finish the process.

Report this User

Report this user for behavior that violates our Community Guidelines.

Details: